Dictionary of psychology / (Record no. 356367)
[ view plain ]
| 000 -LEADER | |
|---|---|
| fixed length control field | 00295nam a2200109Ia 4500 |
| 008 - FIXED-LENGTH DATA ELEMENTS--GENERAL INFORMATION | |
| fixed length control field | 180323s9999 xx 000 0 und d |
| 020 ## - INTERNATIONAL STANDARD BOOK NUMBER | |
| International Standard Book Number | 18742157 |
| 100 ## - MAIN ENTRY--PERSONAL NAME | |
| Personal name | Warren Howard C. |
| 245 ## - TITLE STATEMENT | |
| Title | Dictionary of psychology / |
| 260 ## - PUBLICATION, DISTRIBUTION, ETC. (IMPRINT) | |
| Place of publication, distribution, etc | Boston : |
| Name of publisher, distributor, etc | 1934 |
| Date of publication, distribution, etc | Houghton Mifflin pub |
| 300 ## - PHYSICAL DESCRIPTION | |
| Extent | iii, 371 pages |
| Withdrawn status | Lost status | Damaged status | Home library | Current library | Shelving location | Date acquired | Source of acquisition | Total Checkouts | Full call number | Barcode | Date last seen | Price effective from | Koha item type |
|---|---|---|---|---|---|---|---|---|---|---|---|---|---|
| College Library | College Library | General Circulation Section | 03/23/2018 | BF 31 .W286 1934 | C21469 | 05/15/2018 | 03/23/2018 | Books |